| 000 | 00506nam a2200193Ia 4500 | ||
|---|---|---|---|
| 005 | 20250326142432.0 | ||
| 008 | 250326s9999 xx 000 0 und d | ||
| 037 | _aTextbook | ||
| 040 |
_aFMSL _beng _cFMSL |
||
| 041 |
_aeng _2eng |
||
| 084 |
_aX:51 M3 _qFMSL |
||
| 100 |
_aBoone L E _9736842 |
||
| 245 | 0 |
_aContemporary marketing _cBoone L E; Kurtz D L |
|
| 250 | _aEd 4 | ||
| 260 |
_aDryden _bDryden, Press _c1983 |
||
| 300 | _a640p | ||
| 942 |
_cTB _hX:51 M3 |
||
| 999 |
_c1295011 _d1295011 |
||